| 000 | 00305nam a2200109Ia 4500 | ||
|---|---|---|---|
| 008 | 220120s9999||||xx |||||||||||||| ||und|| | ||
| 100 | _aFeher, Kamilo | ||
| 245 | 0 | _aWireless digital communications | |
| 260 |
_aPrentice hall op india _bNew Delhi _c2005 |
||
| 300 |
_aXXI,951p _b0 |
||
| 650 | _aCOMPUTER SCIENCE | ||
| 999 |
_c132405 _d132405 |
||